000 00654nam a22001577a 4500
003 OSt
005 20161104112655.0
008 161104b xxu||||| |||| 00| 0 eng d
040 _cRUA
082 _aAGR CAH 2015 B521 Or.
100 _911155
_aCHAN SOKNEANG; ចាន់ សុខនាង
245 _acomparison of cucumber varieties at Royal University of Agriculture; ប្រៀបធៀបពូជដំណាំត្រសក់ក្នុងលក្ខខណ្ឌសាកលវិទ្យាល័យភូមិន្ទកសិកម្ម
260 _aPhnom Penh
_bRUA
_c2015
300 _axi; 44p;
_bill;
_c29cm;
942 _2ddc
_cAGR
999 _c10727
_d10727